Poľnohospodárske stavby a ich vnútorná klíma

Guardado en:
Detalles Bibliográficos
Autor principal: Janáč, Karol
Otros Autores: Grman, Jaroslav
Formato: Libro
Lenguaje:eslovaco
Publicado: Bratislava Veda 1984
Colección:Poľnohospodárska veda 3/1984
Etiquetas: Agregar Etiqueta
Sin Etiquetas, Sea el primero en etiquetar este registro!

MARC

LEADER 00000nam a2200000 4500
001 c105959
005 20221128070709.9
041 0 |a slo 
044 |a SK 
245 1 0 |a Poľnohospodárske stavby a ich vnútorná klíma  |c Karol Janáč, Jaroslav Grman 
264 1 |a Bratislava  |b Veda  |c 1984 
300 |a 295 s. 
490 1 |a Poľnohospodárska veda  |v 3/1984 
830 0 |a Poľnohospodárska veda  |v 3/1984 
100 1 |a Janáč, Karol 
700 1 |a Grman, Jaroslav